000 01277nam a2200289 a 4500
001 BRCA_2715
005 20190320203933.0
008 031208s1891----gw-#---###---#000-0#spa-u
041 _aspa
044 _agw
084 _a216
_b.B76
_c1891
100 1 _aCervantes Saavedra, Miguel de
_d1547-1616
_9213
245 1 0 _aEl Ingenioso Hidalgo Don Quijote de la Mancha
_ccompuesto por Miguel de Cervantes Saavedra.
260 _aLeipzig (Alemania)
_bF. A. Brockhaus
_c1891
300 _a2 v.
_c19 cm.
440 0 _aColección de autores españoles
_n3, 4
_97678
500 _aContenido : v 1. Primera parte. Dedicatoria del autor. Prólogo del autor. Versos preliminares. Texto. -- v 2. Segunda parte. Dedicatoria del autor. Prólogo del autor. Texto
500 _aCopia de la edición del mismo editor de 1874, y que constituye los tomos III y IV de la Collección Autores Españoles de Brockhaus Lúdovik Osterc
500 _aQM207A
650 1 4 _aNovela española
_yÉpoca clásica, 1500-1700
_9215
650 1 4 _aLiteratura española
_yÉpoca clásica, 1500-1700
_9216
650 1 4 _aNovela española
_ySiglo XVII
_9217
650 1 4 _aDon Quijote (Personaje ficticio)
_eNovela
_9218
740 0 _aEl Ingenioso Hidalgo Don Quijote de la Mancha
902 _aQFM
942 _2lcc
_cB
999 _c2455
_d2455